|
|
|
|
| LEADER |
00000naa2a2200000 4500 |
| 001 |
100244 |
| 005 |
20231031112048.0 |
| 035 |
|
|
|a (RuTPU)RU\TPU\book\107829
|
| 090 |
|
|
|a 100244
|
| 100 |
|
|
|a 20060818d2002 k y0rusy50 ca
|
| 101 |
0 |
|
|a rus
|
| 102 |
|
|
|a RU
|
| 200 |
1 |
|
|a Пионеры информационной цивилизации в Сибири
|f В. Н. Беломестных, Л. А. Беломестных
|
| 463 |
|
0 |
|0 (RuTPU)RU\TPU\book\68544
|t Прогрессивные технологии и экономика в машиностроении
|o труды региональной научно-практической конференции, Юрга, 25-26 апреля 2002 г.
|f Томский политехнический университет; Филиал ТПУ в Юрге; отв. ред. Б. Г. Долгун
|v С. 177-178
|d 2002
|p 208 с.
|
| 610 |
1 |
|
|a Сибирь
|
| 610 |
1 |
|
|a информатизация
|
| 610 |
1 |
|
|a история
|
| 610 |
1 |
|
|a основоположники
|
| 610 |
1 |
|
|a пионеры
|
| 610 |
1 |
|
|a информационная цивилизация
|
| 610 |
1 |
|
|a труды учёных ТПУ
|
| 700 |
|
1 |
|a Беломестных
|b В. Н.
|c российский математик
|c профессор Юргинского технологического института (филиал) Томского политехничесого университета
|g Владимир Николаевич
|2 stltpush
|3 (RuTPU)RU\TPU\pers\25113
|
| 701 |
|
1 |
|a Беломестных
|b Л. А.
|
| 801 |
|
1 |
|a RU
|b 63413507
|c 20060818
|g PSBO
|
| 801 |
|
2 |
|a RU
|b 63413507
|c 20110114
|g RCR
|
| 942 |
|
|
|c BK
|